| 000 | 01065nas a2200349 4500 | ||
|---|---|---|---|
| 001 | BR0400024 | ||
| 003 | BR-BrBNA | ||
| 005 | 20231205104242.0 | ||
| 007 | ta | ||
| 008 | 230509b bl.|||p| |||| 00| 00por d | ||
| 040 |
_aBR-BrBNA _bpor _cBiblioteca Nacional de Agricultura |
||
| 041 | _a(Pt) | ||
| 072 | _aH20; P33 | ||
| 100 | 1 | _aAssunção, I.P. | |
| 100 | 1 | _aMichereff, S.J. | |
| 100 | 1 | _aBrommonschenkel, S.H. | |
| 100 | 1 | _aEloy, A.P. | |
| 100 | 1 | _aRocha Júnior, O.M. | |
| 100 | 1 | _aDuda, G.P. | |
| 100 | 1 | _aNascimento, C.W.A. | |
| 100 | 1 | _aNascimento, R.S.M.P. | |
| 100 | 1 | _aRodrigues, J.J.V. | |
| 245 | 1 | _aCaracterização de solos de Pernambuco quanto a supressividade à murcha-de-fusário do caupi | |
| 650 | _aFEIJÃO DE CORDA | ||
| 650 | _aMURCHA DE FUSARIUM | ||
| 650 | _aSOLO | ||
| 650 | _aPROPRIEDADE FÍSICO-QUÍMICA | ||
| 650 | _aPERNAMBUCO | ||
| 773 | 0 |
_tSumma Phytopathologica (Brazil) _xISSN 0100-5405 _g(Apr-Jun 2003), v. 29(2) p. 161-167 _wBR0400024 |
|
| 909 |
_a202311 _bLúcia _c55 _dLúcia Elande |
||
| 942 |
_2AGRIS _n0 _cANA |
||
| 999 |
_c177181 _d177181 |
||